书目信息 |
| 题名: |
局域网组建与维护大全
|
|
| 作者: | 钱秀槟 , 陈小兰 编著 | |
| 分册: | ||
| 出版信息: | 北京 清华大学出版社 2004.08 |
|
| 页数: | 329页 | |
| 开本: | 26cm | |
| 丛书名: | ||
| 单 册: | ||
| 中图分类: | TP393.1 | |
| 科图分类: | ||
| 主题词: | 局部网络--基本知识 | |
| 电子资源: | ||
| ISBN: | 7-302-06237-4 | |
| 000 | 00878nam0 2200229 450 | |
| 001 | 0123100585 | |
| 005 | 20050317062810.67 | |
| 010 | @a7-302-06237-4@dCNY32.00 | |
| 100 | @a20050317d2004 km y0chiy0120 ea | |
| 101 | 0 | @achi |
| 102 | @aCN@b110000 | |
| 105 | @ay z 000yy | |
| 200 | 1 | @a局域网组建与维护大全@Aju yu wang zu jian yu wei hu da quan@f钱秀槟,陈小兰编著@Fqian xiu bin,chen xiao lan bian zhu |
| 210 | @a北京@c清华大学出版社@d2004.08 | |
| 215 | @a329页@d26cm | |
| 330 | @a本书共分为11章,内容包括网络基础、家庭双机对等网组建、宿舍多机组网、网吧组建、CAD教学局域网组建实例、网络教室、财务电算局域网组建、游戏网、多媒体教育网和Internet/Intranet的创建与维护。 | |
| 606 | 0 | @a局部网络@x基本知识 |
| 690 | @aTP393.1@v4 | |
| 701 | 0 | @a钱秀槟@Aqian xiu bin@4编著 |
| 701 | 0 | @a陈小兰@Achen xiao lan@4编著 |
| 801 | 0 | @aCN@bRULIN@c20050317 |
| 905 | @a10447@dTP393.1@eQ250 | |
| 局域网组建与维护大全/钱秀槟,陈小兰编著.-北京:清华大学出版社,2004.08 |
| 329页;26cm |
| ISBN 7-302-06237-4:CNY32.00 |
| 本书共分为11章,内容包括网络基础、家庭双机对等网组建、宿舍多机组网、网吧组建、CAD教学局域网组建实例、网络教室、财务电算局域网组建、游戏网、多媒体教育网和Internet/Intranet的创建与维护。 |
| ● |
| 相关链接 |
|
|
|
正题名:局域网组建与维护大全
索取号:TP393.1/Q250
 
预约/预借
| 序号 | 登录号 | 条形码 | 馆藏地/架位号 | 状态 | 备注 |
| 1 | 520356 | 205203563 | 自科库301/301自科库 132排2列4层/ [索取号:TP393.1/Q250] | 在馆 | |
| 2 | 520357 | 205203572 | 自科库301/301自科库 132排2列4层/ [索取号:TP393.1/Q250] | 在馆 | |
| 3 | 520358 | 205203581 | 自科二线404/301自科库 129排2列1层/ [索取号:TP393.1/Q250] | 在馆 |